00952nam a22002531a 450000100060000000300080000600500170001400800390003103500190007003500200008904000390010904100080014808200210015610000400017724501120021726000480032930000520037750400200042965000280044970000590047794200120053699900170054895201330056520666BD-RjUL20211209000608.0140302r19561932nyu 001 p eng a(BD-RjUL)20728 a(OCoLC)21350379 aDLCcGMarKdOClWdKyFkASdDLCbeng aeng a821.07bSWS 19561 aSwift, Jonathan,d1667-1745.96376810aSatires and personal writings /cJonathan Swift, edited with introduction and notes by William Alfred Eddy. aNew York :bOxford university press,c1956. axxxii, 499 p. :bill., front. (port.) ;c19 cm. aIncludes index. aSatire, English.9637691 aEddy, William A.q(William Alfred),d1896-eed.963770 2ddccBK c20666d20666 00102ddc40708FICaRUCLbRUCLcStackd1957-11-16eO. U. Pg6.16l0o821.07 SWS 1956r2014-03-02 00:00:00tC-3w2014-03-02yBK